| 000 | 00449nam a2200169 4500 | ||
|---|---|---|---|
| 005 | 20251231161913.0 | ||
| 008 | 251231b |||||||| |||| 00| 0 eng d | ||
| 020 | _a978-93-5333-815-2 | ||
| 041 | _aEnglish | ||
| 082 |
_21st 2020 _aX 158.1 HIL _bB12110 |
||
| 100 |
_aHill, Napoleon _9216128 |
||
| 245 | _aThink and Grow Rich | ||
| 260 |
_aNew Delhi _bRupa Publication _c2020 |
||
| 300 |
_axii,227p _bpb |
||
| 365 |
_aRupaye _b150 _cINR |
||
| 942 | _cBK | ||
| 999 |
_c369653 _d369653 |
||